Sefer Beʼur Tanya, (Record no. 33934)

MARC details
000 -LEADER
fixed length control field 00658cam a22002291 4500
001 - CONTROL NUMBER
control field he 68003619
003 - CONTROL NUMBER IDENTIFIER
control field DLC
005 - DATE AND TIME OF LATEST TRANSACTION
control field 20260227111506.0
008 - FIXED-LENGTH DATA ELEMENTS--GENERAL INFORMATION
fixed length control field 840119s1966 is 000 0 hebr
010 ## - LIBRARY OF CONGRESS CONTROL NUMBER
LC control number he 68003619
035 ## - SYSTEM CONTROL NUMBER
System control number (OCoLC)19154009
040 ## - CATALOGING SOURCE
Original cataloging agency DLC
Transcribing agency MH
Modifying agency TxU
-- DLC
042 ## - AUTHENTICATION CODE
Authentication code premarc
050 00 - LIBRARY OF CONGRESS CALL NUMBER
Classification number BM198.S483
Item number E8
100 1# - MAIN ENTRY--PERSONAL NAME
Personal name Esterman, Shemuʼel Grunam.
245 10 - TITLE STATEMENT
Title Sefer Beʼur Tanya,
Statement of responsibility, etc. me-et Shemuʼel Grunam Esterman.
260 ## - PUBLICATION, DISTRIBUTION, ETC.
Place of publication, distribution, etc. Kefar Ḥabad,
Date of publication, distribution, etc. 727 [1966 or 7]
300 ## - PHYSICAL DESCRIPTION
Extent 37 l.
Dimensions 28 cm.
600 00 - SUBJECT ADDED ENTRY--PERSONAL NAME
Personal name Shneur Zalman,
Titles and other words associated with a name of Lyady,
Dates associated with a name 1745-1813.
Title of a work Liḳuṭe amarim.
650 #0 - SUBJECT ADDED ENTRY--TOPICAL TERM
Topical term or geographic name entry element Hasidism.
752 ## - ADDED ENTRY--HIERARCHICAL PLACE NAME
Country or larger entity Israel
City Kefar Ḥabad

No items available.

Powered by Koha